Shall we tell the president?;Not a penny more not a penny less (Record no. 169098)

MARC details
000 -LEADER
fixed length control field 00582nam a2200205Ia 4500
003 - CONTROL NUMBER IDENTIFIER
control field OSt
005 - DATE AND TIME OF LATEST TRANSACTION
control field 20230403114602.0
008 - FIXED-LENGTH DATA ELEMENTS--GENERAL INFORMATION
fixed length control field 210423s1988 xx 000 0 und d
020 ## - INTERNATIONAL STANDARD BOOK NUMBER
International Standard Book Number 0-330-43929-4
040 ## - CATALOGING SOURCE
Transcribing agency AL
041 ## - LANGUAGE CODE
Language code of text/sound track or separate title eng
082 ## - DEWEY DECIMAL CLASSIFICATION NUMBER
Classification number 823.914
Edition number 23
Item number ARCS
100 ## - MAIN ENTRY--PERSONAL NAME
Personal name ARCHER (Jeffrey)
9 (RLIN) 82546
245 ## - TITLE STATEMENT
Title Shall we tell the president?;Not a penny more not a penny less
260 ## - PUBLICATION, DISTRIBUTION, ETC.
Place of publication, distribution, etc. London
Name of publisher, distributor, etc. Pan Book Ltd
Date of publication, distribution, etc. 1988
300 ## - PHYSICAL DESCRIPTION
Extent 335
Other physical details PB
650 ## - SUBJECT ADDED ENTRY--TOPICAL TERM
Topical term or geographic name entry element English Fiction
9 (RLIN) 82547
906 ## - LOCAL DATA ELEMENT F, LDF (RLIN)
a less ; more ; not ; penny ; president ; Shall ; tell ; we
942 ## - ADDED ENTRY ELEMENTS (KOHA)
Source of classification or shelving scheme Dewey Decimal Classification
Koha item type Book
Holdings
Withdrawn status Lost status Damaged status Not for loan Collection code Home library Current library Date acquired Total Checkouts Full call number Barcode Date last seen Price effective from Koha item type
        MA English St Aloysius PG Library St Aloysius PG Library 03/28/2018   823.914 ARCS PG015600 08/24/2022 04/26/2021 Book